| 000 | 06757namaa22004451i 4500 | ||
|---|---|---|---|
| 003 | EG-GICUC | ||
| 005 | 20260419152624.0 | ||
| 008 | 260419s2025 ua a|||frm||| 000 0 eng d | ||
| 040 |
_aEG-GICUC _beng _cEG-GICUC _dEG-GICUC _erda |
||
| 041 | 0 |
_aeng _beng _bara |
|
| 049 | _aDeposit | ||
| 082 | 0 | 4 | _a331.31 |
| 092 |
_a331.31 _221 |
||
| 097 | _aM.Sc | ||
| 099 | _aCai01.03.02.M.Sc.2025.Me.I | ||
| 100 | 0 |
_aMennatallah Mohamed Hassan Mahmoud Mohamed, _epreparation. |
|
| 245 | 1 | 4 |
_aThe impact of child labour on school enrollment : _bthe case of Egypt / _cby Mennatallah Mohamed Hassan Mahmoud Mohamed ; Supervised Prof. Dr. Fawzia Ahmed, Prof. Dr. Yasmin Sakr, Prof. Dr. Mahmoud Rashwan. |
| 246 |
_aإثر عمالة الأطفال على الالتحاق بالمدارس : _b دراسة حالة مصر |
||
| 264 | 0 | _c2025. | |
| 300 |
_a109 pages : _billustrations ; _c25 cm. + _eCD. |
||
| 336 |
_atext _2rda content |
||
| 337 |
_aUnmediated _2rdamedia |
||
| 338 |
_avolume _2rdacarrier |
||
| 502 | _a Thesis (M.Sc)-Cairo University, 2025. | ||
| 504 | _aBibliography: pages 99-109. | ||
| 520 | 3 | _aChild labour remains one of the most pressing socio-economic challenges facing developing countries, particularly in contexts where poverty, inequality, and weak institutional frameworks persist. In Egypt, despite legislative efforts and international commitments, millions of children continue to participate in labour activities, often at the expense of their education. This paper examines the impact of child labour on school enrollment at the primary level in Egypt, with the aim of identifying the key determinants influencing children‘s participation in labour and the subsequent trade-offs with education. The study applies both qualitative and quantitative approaches. A descriptive analysis highlights the socio-economic and institutional drivers of child labour, while a multiple linear regression model is employed to measure the effect of child labour, proxied by school dropout rates, on enrollment in primary education. The analysis relies on secondary data covering the period 2010 - 2022, sourced from the Central Agency for Public Mobilization and Statistics (CAPMAS), the World Bank, and the Ministry of Education. The findings indicate a statistically significant inverse relationship between child labour and primary school enrollment, confirming that higher levels of child labour are associated with reduced educational participation. The results further suggest that poverty, household characteristics, limited access to quality education, and inadequate public spending are major determinants shaping this relationship. This research contributes to the literature by providing updated empirical evidence on the labour–education nexus in Egypt and offers policy recommendations aimed at reducing child labour and improving access to education. The study underlines the importance of integrating socio-economic interventions with education policies to protect children‘s rights and to promote sustainable human capital development in Egypt. | |
| 520 | 3 | _aعمالة الأطفال أحد أبرز التحديات الاجتماعية والاقتصادية التي تواجه الدول النامية، خاصة في السياقات التي يسودها الفقر وعدم المساواة وضعف الأطر المؤسسية. وفي مصر، ورغم الجهود التشريعية والالتزامات الدولية، ما زال ملايين الأطفال يشاركون في أنشطة العمل، غالبًا على حساب تعليمهم. تهدف هذه الدراسة إلى بحث أثر عمالة الأطفال على الالتحاق بالمدارس الابتدائية في مصر، مع التركيز على تحديد العوامل الأساسية المؤثرة في مشاركة الأطفال في العمل وما يترتب على ذلك من مقايضات مع التعليم. تستخدم الدراسة مناهج نوعية وكمية على حد سواء. حيث يسلط التحليل الوصفي الضوء على المحركات الاجتماعية والاقتصادية والمؤسسية عمالة الأطفال، بينما يُستخدم نموذج الانحدار الخطي المتعدد لقياس أثر عمالة الأطفال، والذي تم تمثيله بمعدلات التسرب من المدارس، على الالتحاق بالتعليم الابتدائي. اعتمد التحليل على بيانات ثانوية تغطي الفترة من 2010 إلى 2022، صادرة عن الجهاز المركزي للتعبئة العامة والإحصاء، والبنك الدولي، ووزارة التربية والتعليم. تشير النتائج إلى وجود علاقة عكسية ذات دلالة إحصائية بين عمالة الأطفال والالتحاق بالمدارس الابتدائية، حيث تؤكد أن ارتفاع معدلات عمالة الأطفال يرتبط بانخفاض المشاركة التعليمية. كما توضح النتائج أن الفقر وخصائص الأسر ومحدودية الوصول إلى التعليم الجيد وضعف الإنفاق العام تُعد من أبرز المحددات التي تشكل هذه العلاقة. تسهم هذه الدراسة في الأدبيات من خلال تقديم أدلة تجريبية حديثة حول العلاقة بين العمل والتعليم في مصر، وتطرح توصيات سياساتية تستهدف تقليل عمالة الأطفال وتحسين فرص الحصول على التعليم. وتؤكد الدراسة على أهمية دمج التدخلات الاجتماعية والاقتصادية مع السياسات التعليمية لحماية حقوق الأطفال وتعزيز تنمية رأس المال البشري المستدامة في مصر. | |
| 530 | _aIssues also as CD. | ||
| 546 | _aText in English and abstract in Arabic & English. | ||
| 650 | 0 | _aEconomics | |
| 650 | 0 | _aالاقتصاد | |
| 653 | 1 |
_aLabour _aSchool Enrollment _aEducation Access _aSchool Dropout _aPoverty _aHuman Capital _aEconometric Analysis _aPolicy Recommendations _aعمالة الأطفال _aالالتحاق بالمدارس |
|
| 700 | 0 |
_aFawzia Ahmed _ethesis advisor. |
|
| 700 | 0 |
_aYasmin Sak _ethesis advisor. |
|
| 700 | 0 |
_aMahmoud Rashwan _ethesis advisor. |
|
| 900 |
_b01-01-2025 _cFawzia Ahmed _cYasmin Sakr _cMahmoud Rashwan _UCairo University _FFaculty of Economics and Political Science _DDepartment of Economics |
||
| 905 | _aShimaa | ||
| 942 |
_2ddc _cTH _e21 _n0 |
||
| 999 | _c179582 | ||